| 000 | 00725nam a22002177a 4500 | ||
|---|---|---|---|
| 003 | OSt | ||
| 005 | 20260422022038.0 | ||
| 008 | 251027b |||||||| |||| 00| 0 eng d | ||
| 020 | _a0-13-118170-X. | ||
| 040 |
_aDWCL-Main lib _cOC |
||
| 082 | _aCirc. 616.85 H461s 2007 | ||
| 100 | _aHeflin L. Jane | ||
| 245 |
_aStudents with autism spectrum disorders : _beffective instructional practices |
||
| 260 |
_aN. J. : _bPearson Education, Inc., _cc2007. |
||
| 300 |
_axix, 370 pages ; _c23 cm. |
||
| 504 | _aIncludes bibliographical references and index. | ||
| 650 | _21. Autism-Patients-Rehabilitation. | ||
| 650 | _22. Autistic children-Education. | ||
| 650 | _23. Students-Mental health. | ||
| 942 |
_2ddc _cBK-CIRC _kCirc. _n0 |
||
| 999 |
_c5158 _d5158 |
||